Escritos y conversaciones

সংরক্ষণ করুন:
গ্রন্থ-পঞ্জীর বিবরন
প্রধান লেখক: Barragán Morfín, Luis (Author)
বিন্যাস: গ্রন্থ
ভাষা:স্প্যানিশ
প্রকাশিত: Madrid El Croquis 2000
মালা:Biblioteca de Arquitectura, 9
বিষয়গুলি:
ট্যাগগুলো: ট্যাগ যুক্ত করুন
কোনো ট্যাগ নেই, প্রথমজন হিসাবে ট্যাগ করুন!

MARC

LEADER 00000nam a2200000 a 4500
001 UCL0526
003 CL-VaPUC
008 030728e20000000SP |||||||||||||||||spa|d
020 |a 8488386176 
020 |a 8488386036 
082 0 4 |a 724.6  |b BAR  |2 21 
100 0 |a Barragán Morfín, Luis  |e author  |9 266242 
245 1 0 |a Escritos y conversaciones 
300 |a 200 p 
942 |c BK 
945 |d 20030728 00:00:00  |a cmena 
260 |a Madrid  |b El Croquis  |c 2000 
650 0 |a Arquitectura moderna  |9 265021 
650 0 |a Obras ilustradas  |9 265022 
650 0 |a Arquitectos mexicanos  |9 266243 
583 |a last modification  |c 20030728 00:00:00  |k Rodrigo Vera 
490 0 |a Biblioteca de Arquitectura, 9 
999 |c 304347  |d 304345 
952 |0 0  |1 0  |4 0  |6 724_600000000000000_BAR_2000  |7 0  |8 A  |9 366371  |a BIBARQ  |b BIBARQ  |d 2019-11-21  |i 3842983  |l 4  |m 1  |o 724.6 BAR 2000  |p 3842983  |r 2025-01-20  |s 2024-04-29  |w 2019-11-21  |y BK  |k ARQ